000 00691nam a22002297a 4500
999 _c93320
_d93320
005 20251021102657.0
008 251020b ||||| |||| 00| 0 eng d
020 _a9781984679093
041 _aeng
082 0 0 _a370.116
_223
245 0 0 _aEducation systems around the world
264 1 _aNew York, NY :
_b3G E-learning LLC,
_c[2023]
264 4 _c©2023
300 _axii, 248 pages :
_billustrations ;
_c26 cm
336 _atext
_btxt
_2rdacontent
337 _aunmediated
_bn
_2rdamedia
338 _avolume
_bnc
_2rdacarrier
504 _aIncludes bibliographical references and index.
650 0 _aInternational education.
650 0 _aComparative education.
942 _2ddc
_cBK